000 00903pam a2200277 a 4500
001 2333286
003 ARRUPE
005 20131107123510.0
008 821130s1983 mau b 001 0 eng
010 _a 82019521
020 _a0870737139 (pbk.) :
_c$7.95
020 _a0870737120 :
_c$14.95
040 _aDLC
_cDLC
_dDLC
043 _af------
050 0 0 _aE185.97.G3
_bM368 1983
082 0 0 _a305.8/96/024
_219
100 1 _aMartin, Tony,
_d1942-
_93449
245 1 4 _aThe Pan-African connection :
_bfrom slavery to Garvey and beyond /
_cby Tony Martin.
260 _aCambridge, Mass. :
_bSchenkman Pub. Co.,
_cc1983.
300 _axi, 262 p. ;
_c21 cm.
504 _aIncludes bibliographical references and index.
600 1 0 _aGarvey, Marcus,
_d1887-1940.
_93450
650 0 _aPan-Africanism
_xHistory.
_93451
906 _a7
_bcbc
_corignew
_d1
_eocip
_f19
_gy-gencatlg
942 _2lcc
_cMONOGRAPH
999 _c118567
_d118567